Paroles : Les copains d'abord - Georges Brassens - Statistiques

Statistiques générales
  • Ce quiz a été pris 412 fois
  • Le résultat moyen est 177 sur 273
Statistiques - réponses
Paroles % Correct
le
100%
De
99%
de
99%
la
99%
ce
98%
pas
98%
bateau
96%
Méduse,
96%
radeau
96%
a
95%
des
95%
Des
95%
n'était
95%
Non,
95%
non
95%
Copains
93%
copains
93%
Il
93%
les
93%
Les
93%
se
93%
d'abord
92%
en
91%
au
90%
Au
90%
Et
89%
et
89%
Qu'on
87%
dise
86%
Dise
86%
grand
86%
canards
85%
port
85%
Sur
85%
fond
83%
naviguait
80%
Naviguait
80%
ports
79%
père
75%
Mais
73%
mais
73%
ils
72%
C'était
71%
peinard
71%
C'est
67%
qui
66%
Qui
66%
lu
65%
grand-mare
64%
amis
63%
bord
59%
plus
59%
sort
58%
Pollux
57%
Son
57%
Castor
56%
enfants
55%
l'eau
55%
litterature
55%
Par
55%
Ses
55%
ses
55%
aux
54%
Aux
54%
était
54%
fort
54%
franco
53%
luxe
53%
mort
53%
petits
53%
dans
52%
d'la
52%
jamais,
52%
jamais
52%
Montaigne
52%
qu'il
52%
l'avaient
50%
L'Evangile,
50%
manquait
50%
quand
50%
Quand
50%
anges
49%
C'étaient
49%
tapaient
49%
ventre
49%
ai
48%
choisis
48%
mergitur
47%
Sodome
47%
Y
47%
coup
46%
d'salauds
46%
N'étaient
46%
La Boetie
45%
nec
45%
seul
45%
avait
44%
eux
44%
leur
44%
Leur
44%
rendez-vous
44%
bons
43%
fluctuat
43%
viré
43%
capitaine
42%
dehors
42%
Jean,
42%
jeteurs
42%
N'en
42%
Oui,
42%
d'entre
41%
déplaise
41%
l'un
41%
encore
40%
On
40%
refermait
40%
tenu
40%
trou
40%
beaucoup
38%
n'se
38%
souvent
38%
gens
37%
j'en
37%
étaient
36%
lapins
36%
n'ai
36%
s'aimaient
36%
bateaux
35%
l'amitié
35%
prenait
35%
Trafalgar
35%
ans
34%
coquin
34%
après,
33%
moindre
33%
Cent
32%
compagnie
32%
Gomorrhe
32%
Paul
32%
Pierre,
31%
S.O.S.
31%
litanie
30%
Confiteor
29%
lancaient
29%
pris
29%
sémaphores
29%
seule
29%
bras
28%
détresse
28%
Credo,
27%
dit
27%
mat'lots
26%
qu'ait
26%
s'app'lait
26%
aurait
25%
montrait
25%
nord
25%
pèr'peinard
24%
l'quart
23%
Qu'leurs
23%
C'est elle
13%
tout's
12%
Tout's
12%
voil's
11%
Les Copains d'abord
5%
Aucun quiz correspondant
Distribution des résultats
% des personnes avec chaque résultat
Percentile par nombre de réponses
Votre historique - résultats
Vous n’avez pas pris ce quiz